| Tag |
First Indicator |
Second Indicator |
Subfields |
| LEADER |
00000cam a2200000 i 4500 |
| 001 |
in00000077444 |
| 005 |
20151008052743.0 |
| 008 |
790606s1965 enk 00010 engm |
| 010 |
|
|
|a 65021142
|
| 035 |
|
|
|a (OCoLC)05040119
|
| 035 |
|
|
|9 AAH4739AM
|
| 040 |
|
|
|a DLC
|c SUC
|d SUC
|d TXA
|d UtOrBLW
|
| 049 |
|
|
|a TXAM
|c 1 [453150]
|c 2 [425466]
|
| 050 |
|
0 |
|a HF3507
|b .C6 1965
|
| 082 |
0 |
|
|a 380.0942
|
| 092 |
|
|
|a 380.0942
|b C878m
|
| 100 |
1 |
|
|a Cox, Thomas William.
|
| 245 |
1 |
0 |
|a Model answers in the structure of commerce /
|c by T.W. Cox and R. Lawson.
|
| 250 |
|
|
|a [1st ed.].
|
| 264 |
|
1 |
|a Oxford,
|a New York :
|b Pergamon Press,
|c [1965]
|
| 300 |
|
|
|a vii, 160 pages ;
|c 20 cm.
|
| 336 |
|
|
|a text
|b txt
|2 rdacontent
|
| 337 |
|
|
|a unmediated
|b n
|2 rdamedia
|
| 338 |
|
|
|a volume
|b nc
|2 rdacarrier
|
| 490 |
0 |
|
|a The Commonwealth and International Library. Commonwealth library of model answers, 2295
|
| 651 |
|
0 |
|a Great Britain
|x Commerce
|x Outlines, syllabi, etc.
|
| 700 |
1 |
|
|a Lawson, Rex.
|
| 999 |
|
|
|a MARS
|
| 999 |
f |
f |
|s 53099f33-3311-3bc8-b270-fad5453694a9
|i d8879b15-e8ec-3cf6-b780-199064ca5232
|t 0
|
| 952 |
f |
f |
|p ric
|a Texas A&M University
|b Rellis Campus
|c Joint Library Facility
|d Remote Storage
|t 0
|e HF3507 .C6 1965
|h Library of Congress classification
|i unmediated -- volume
|m A14800871521
|
| 998 |
f |
f |
|a HF3507 .C6 1965
|t 0
|l Remote Storage
|